Представление документа в формате RUSMARC

ПолеНазваниеЗначение
  Тип записи a
  Библиографический уровень m
001 Контрольный номер RU/IS/BASE/299325722
005 Дата корректировки 20230208221416.3
010 Индекс ISBN __
a ISBN 978-985-16-1863-3 (в пер.)
d Цена 30 р. 00 к.
9 Тираж 20000 экз.
100 Данные общей обработки __
a Данные общей обработки 20090626d2009 ||| 0rusy0189 ca
101 Язык документа 0_
a Язык текста rus
102 Страна публикации __
a Страна публикации RU
105 Кодированные данные (монография) __
a Кодированные данные (монография) y###||||000|y
200 Заглавие и сведения об ответственности 1_
a Заглавие Ванга
b Общее обозначение материала Текст
e Сведения, относящиеся к заглавию практические советы народной целительницы
f Первые сведения об ответственности авт.-сост. Л. Орлова
210 Выходные данные __
a Место издания Минск
c Издательство Харвест
d Дата издания 2007
215 Физическое описание __
a Объем 639 с.
d Формат 14,5 см.
225 Серия 1_
a Серия Карманная библиотека
600 Персоналии _1
a Персоналии (Фамилия) Ванга
606 Тематические рубрики 1_
a Основная рубрика Психотерапия
606 Тематические рубрики 1_
a Основная рубрика Медицина народная
610 Ключевые слова 1_
a Ключевые слова ясновидение
a Ключевые слова медицина народная
a Ключевые слова парапсихология
686 Индексы других классификаций __
a Классификационный индекс 88.6+53.5
a Классификационный индекс 53.5
2 Код системы rubbk
801 Источник записи _0
a Страна RU
b Организация Ульяновская ОБДЮ
c Дата составления 20090626
g Правила каталогизации RCR
801 Источник записи _1
a Страна RU
b Организация Ульяновская ОБДЮ
c Дата составления 20090626
g Правила каталогизации RCR
852 Данные о местонахождении __
a Наименование организации Ульяновская УОБДЮ
i Авторский знак В 17
j Шифр хранения 88
901 Тип документа __
t Тип документа m
938 Служебная информация __
a Имя БД MarkBase